Statistics for PSV Players 2000-2024 by Picture

Click here to take the quiz!

General Stats

  • This quiz has been taken 142 times
  • The average score is 7 of 24

Answer Stats

Answer% Correct
Ji-Sung Park
91%
Hirving Lozano
69%
Kevin Strootman
53%
Ibrahim Sangaré
46%
Jefferson Farfán
40%
Ritsu Doan
38%
Wilfred Bouma
32%
Jeroen Zoet
31%
Karim Rekik
31%
Ismael Saibari
27%
Jorrit Hendrix
27%
Ola Toivonen
27%
Gastón Pereiro
23%
Balázs Dzsudzsák
17%
Daniel Schwaab
16%
Phillipp Mwéne
16%
Carlos Salcido
15%
Dennis Rommedahl
15%
Orlando Engelaar
15%
Tim Matavž
15%
Ryan Thomas
14%
Timmy Simons
13%
Erik Pieters
12%
Danko Lazović
10%

Score Distribution

Percentile by Number Answered

Percent of People with Each Score

Your Score History

You have not taken this quiz